| 000 | 01096cam a22002531i 4500 | ||
|---|---|---|---|
| 003 | SA_RiAUC | ||
| 005 | 20250712135534.0 | ||
| 008 | 250711s2009____su g 000 0 ara c | ||
| 020 | _a9960576345 | ||
| 040 |
_aSA-MaUQU _bara _cSA-RiAUC _erda |
||
| 082 | 0 | 4 |
_a252.5 _qSA-RiAUC |
| 090 |
_a252.5 _bص ب ي |
||
| 100 | 1 |
_aالصبيحي، إبراهيم بن محمد بن منصور، _d1366-1437 هجري _eمؤلف. |
|
| 245 | 1 | 0 |
_aمشكل المناسك : _bدراسة سبع عشرة مسألة من مسائل المناسك التي حصل فيها إشكال بين المعاصرين / _cإبراهيم بن محمد الصبيحي. |
| 250 | _aالطبعة الثانية. | ||
| 264 | 1 |
_aالرياض : _bإبراهيم بن محمد بن منصور الصبيحي، _c2009 |
|
| 300 |
_a316 صفحة ؛ _c24 سم |
||
| 336 |
_aنص _btxt _2rdacontent _3كتاب |
||
| 337 |
_aبدون وسيط _bn _2rdamedia |
||
| 338 |
_aمجلد _bnc _2rdacarrier |
||
| 650 | 7 |
_aالحج (فقه إسلامي) _xمناسك _2aucsh |
|
| 942 |
_2ddc _cBOOK _n0 |
||
| 949 |
_aSA-JeALM _d250711 _umohamedma123 _n1 |
||
| 999 |
_c9791 _d9791 |
||